Tablas de los logaritmos vulgares con seis decimales, dispuestas a doble entrada por un nuevo método (Record no. 167055)

MARC details
000 -LEADER
campo de control de longitud fija 00847nam a22001815i 4500
001 - NÚMERO DE CONTROL
campo de control 167055
003 - IDENTIFICADOR DE NÚMERO DE CONTROL
campo de control ES-MaACL
005 - FECHA Y HORA DE LA ÚLTIMA TRANSACCIÓN
campo de control 20231206063248.0
008 - DATOS DE LONGITUD FIJA--INFORMACIÓN GENERAL
campo de control de longitud fija 970717s1856 sp |||| | spa d
040 ## - FUENTE DE CATALOGACIÓN
Centro catalogador/agencia de origen CYL
Lengua de catalogación spa
Centro/agencia transcriptor CYL
100 1# - ENTRADA PRINCIPAL--NOMBRE DE PERSONA
Nombre de persona Vázquez Queipo, Vicente,
Fechas asociadas al nombre 1804-1893
9 (RLIN) 113475
245 10 - MENCIÓN DEL TÍTULO
Título Tablas de los logaritmos vulgares con seis decimales, dispuestas a doble entrada por un nuevo método
Resto del título : seguidas de las correspondientes a las líneas trigonométricas y de otras varias tablas de un uso frecuente en las ciencias, las artes y el comercio... /
Mención de responsabilidad, etc. por el Dr. D. Vicente Vazquez Queipo.
250 ## - MENCION DE EDICION
Mención de edición Ed. estereotípica segunda tirada.
260 ## - PUBLICACIÓN, DISTRIBUCIÓN, ETC.
Lugar de publicación, distribución, etc. Madrid :
Nombre del editor, distribuidor, etc. [s.n.],
Fecha de publicación, distribución, etc. 1856 (
Fabricante Imprenta de J. Martín Alegría)
300 ## - DESCRIPCIÓN FÍSICA
Extensión 94, [174] p. ;
Dimensiones 16 cm.
852 ## - LOCALIZACIÓN
Ubicación ES-MaACL
Número de control de estantería D-3919
Nota libre -- Enc. hol.
Holdings
Estatus retirado Estado de pérdida Estado de daño No para préstamo Colección Biblioteca de origen Biblioteca actual Ubicación en estantería Fecha de adquisición Fuente de adquisición Total de préstamos Signatura topográfica completa Código de barras Visto por última vez Precio de reemplazo Tipo de ítem Koha
        Libros del s. XIX Biblioteca del Ateneo de Madrid Biblioteca del Ateneo de Madrid Sala Valle Inclán 17/01/2008     D-3919 901175238 23/02/2023 23/02/2023 Libro impreso antiguo